• 首页
  • 本馆介绍
  • 公告通知
  • 最新文献
  • 馆藏检索
  • 电子资源
  • 读者导购
  • 参考咨询
  • 我的图书馆
  • 登录
  • 详细信息显示
  • 放入我的书架
  • 预约/预借图书
  • 作者相关作品
  • 分类相关作品
  • 丛书相关作品
  • 出版社相关作品

书目信息

  • 表格格式
  • 工作单格式
  • 卡片格式
题名:
开源
    
 
作者: 陈小文 , 施尔, , 约瑟夫·施尔 ;沈立功 译
分册:  
出版信息: 北京   中国轻工业出版社  2001.10
页数: 143页
开本: 29cm
丛书名:
单 册:
中图分类: J111
科图分类:
主题词: 数字技术--shu zi ji shu--应用--艺术 , 艺术--yi shu--作品--世界--画册
电子资源:
ISBN: 7-5019-3403-7
000 01253nam0 2200313 450
001 0104000024
005 20051124115123.1
010    @a7-5019-3403-7@dCNY150.00
100    @a20081125d200 ekmy0chiy0120 ea
101 1  @achi@ceng
102    @aCN@b110000
105    @aa z 000yy
106    @ar
200 1  @a开源@e数字多媒体艺术@e来自艾尔法特电子艺术研究所的艺术家@e[图集]@edigital media arts@eartists form the institute for electronic arts(IEA)@f约瑟夫·施尔, 陈小文@Fyue se fu·shi er,chen xiao wen@g中文翻译 沈立功
210    @a北京@c中国轻工业出版社@d2001.10
215    @a143页@c图@d29cm
330    @a“开源”是一个关于媒体文化的数码多媒体艺术展。入选该展览的艺术家从各自相异的角度, 直接或间接地表现了他们对电脑控制时代人和媒体(文化)之间的关系的理解。
510 1  @aOpen source@edigital media arts@eartists form the institute for electronic arts(IEA)@zeng
517 1  @a数字多媒体艺术
606 0  @a数字技术@Ashu zi ji shu@x应用@x艺术
606 0  @a艺术@Ayi shu@x作品@y世界@j画册
690    @aJ111@v4
701  0 @a陈小文@Achen xiao wen
701  1 @a施尔,@b约瑟夫@4策划
701  0 @a约瑟夫·施尔@Ayue se fu·shi er
702  0 @a沈立功@4译
801  0 @aCN@bHTDF@c20081125
905    @aBZT@dJ111@e2@f10
906    @dCNY150.00@n0@r1
    
    开源:数字多媒体艺术:来自艾尔法特电子艺术研究所的艺术家:[图集]:digital media arts:artists form the institute for electronic arts(IEA)/约瑟夫·施尔, 陈小文/中文翻译 沈立功.-北京:中国轻工业出版社,2001.10
    143页:图;29cm
    
    
    ISBN 7-5019-3403-7:CNY150.00
    “开源”是一个关于媒体文化的数码多媒体艺术展。入选该展览的艺术家从各自相异的角度, 直接或间接地表现了他们对电脑控制时代人和媒体(文化)之间的关系的理解。
●
相关链接 在五车中查询图书 在当当中查询图书 在豆瓣中查询图书


正题名:开源     索取号:J111/2         预约/预借

序号 登录号 条形码 馆藏地/架位号 状态 备注
1 718222   2000718222   中心书库中库/ 中库016架A面4列4层7/ [索取号:J111/2] 在馆    
2 718223   2000718223   中心书库中库/ 中库016架A面4列4层6/ [索取号:J111/2] 在馆    
3 718224   2000718224   中心书库中库/ 中库016架A面4列4层5/ [索取号:J111/2] 在馆    
4 718225   2000718225   中心书库中库/ 中库016架A面4列4层4/ [索取号:J111/2] 在馆    
5 718226   2000718226   中心书库中库/ 中库016架A面4列4层3/ [索取号:J111/2] 在馆    
6 718227   2000718227   中心书库中库/ 中库016架A面4列4层2/ [索取号:J111/2] 在馆    
7 718228   2000718228   中心书库中库/ 中库018架A面6列4层54/ [索取号:J111/2] 在馆    
8 718229   2000718229   中心书库中库/ 中库018架A面4列4层51/ [索取号:J111/2] 在馆    
9 718230   2000718230   中心书库中库/ 中库016架A面4列4层1/ [索取号:J111/2] 在馆    
10 718231   2000718231   中心书库中库/ 中库016架A面4列4层8/ [索取号:J111/2] 在馆    
山东省滨州职业学院图书馆 欢迎您!
大连网信软件有限公司© 版权所有